000 00888nam a22002537a 4500
005 20170124105927.0
010 _aA-414745
020 _c00
035 _aA-414745
037 _bCen Lib/Ret
040 _aDPL
_bEN
082 _a327.47
100 _aIvanov, Vladimir I.
_97171
245 _aAsia pecific in 1990s :
_cby Vladimir I. Ivanov, Victor A. Vrevsky
_bsoviet security perception /
260 _aNew Delhi
_bAllied Publishers
_c1989
270 _bNew Delhi
_a13/14, asaf ali road
_e110002
300 _aix, 158p.
_c20cm(Hb)
650 _aForeign policy
_zAsia-USSR
_97172
650 _aSecurity Perceptions
_97173
650 _a विदेश नीति
_z एशिया-सोवियत संघ
_97174
650 _aसुरक्षा धारणाएं
_9442
700 _aVrevsky, Victor A.
_97175
942 _2ddc
_cEN
_h327.47
_mIVA
999 _c123609
_d123609